Statistics for Hairspray Songs

Click here to take the quiz!

General Stats

  • This quiz has been taken 1,692 times
    (1,687 since last reset)
  • The average score is 8 of 18

Answer Stats

Answer% Correct
Good Morning Baltimore
93%
You Can't Stop The Beat
80%
I Can Hear The Bells
63%
Without Love
61%
Welcome To The 60's
57%
Run And Tell That!
48%
The legend of Miss Baltimore crabs
47%
Big, Blonde And Beautiful
46%
The New Girl in Town
42%
Ladies Choice
41%
(It's) Hairspray
40%
It Takes Two
39%
The Nicest Kids In Town
37%
I Know Where I've Been
35%
Mama, I'm A Big Girl Now
35%
(You're) Timeless To Me
33%
Cooties
25%
Come So Far (Got So Far To Go)
10%

Score Distribution

Percentile by Number Answered

Percent of People with Each Score

Your Score History

You have not taken this quiz since the last reset